[Event "It"]
[Site "Hereford ENG"]
[Date "2006.08.31"]
[Round "4"]
[White "Devereaux,M"]
[Black "Palliser,R"]
[Result "1/2-1/2"]
[WhiteElo "2377"]
[BlackElo "2413"]

1.d4 Nf6 2.Bg5 e6 3.e4 h6 4.Bxf6 Qxf6 5.Nc3 d6 6.Nf3 Nd7 7.Qe2 Qd8 8.g3 Be7
9.Bg2 c6 10.O-O e5 11.d5 O-O 12.Nd2 Nf6 13.Kh1 cxd5 14.exd5 Bg4 15.Qe3 Qd7
16.Rae1 Bd8 17.f3 Bh3 18.Bxh3 Qxh3 19.Nc4 Qd7 20.f4 exf4 21.Qxf4 Rc8 22.a4 Nh5
23.Qf5 Qxf5 24.Rxf5 Rxc4 25.Rxh5 Ba5 26.Re4 Rc5 27.Nb5 f5 28.Re6  1/2-1/2

[Event "5th Kesarovski - Georgiev Mem"]
[Site "Sunny Beach BUL"]
[Date "2006.09.02"]
[Round "1"]
[White "Rusev,K"]
[Black "Eged,I"]
[Result "1-0"]
[WhiteElo "2455"]
[BlackElo "2099"]

1.d4 Nf6 2.Bg5 e6 3.e4 h6 4.Bxf6 Qxf6 5.c3 d6 6.Bd3 Nd7 7.Ne2 e5 8.O-O Qd8
9.f4 exd4 10.cxd4 Nf6 11.Nbc3 c6 12.e5 dxe5 13.fxe5 Nd5 14.Qb3 Be6 15.Qxb7 Nb4
16.Be4 Bd7 17.e6 Bxe6 18.Bxc6+ Nxc6 19.Qxc6+ Bd7 20.Qf3  1-0

[Event "5th Open"]
[Site "Istanbul TUR"]
[Date "2006.09.03"]
[Round "5"]
[White "Bagaturov,G"]
[Black "Kacheishvili,G"]
[Result "1/2-1/2"]
[WhiteElo "2461"]
[BlackElo "2589"]

1.d4 Nf6 2.Bg5 e6 3.e4 h6 4.Bxf6 Qxf6 5.Nc3 Bb4 6.Ne2 d5 7.a3 Ba5 8.e5 Qe7
9.b4 Bb6 10.Na4 O-O 11.Nf4 Bd7 12.c3 Bxa4 13.Qxa4 Nc6 14.Qd1 f6  1/2-1/2

[Event "TCh-Serbia"]
[Site "Zlatibor SCG"]
[Date "2006.09.03"]
[Round "9"]
[White "Benkovic,P"]
[Black "Popov,Si1"]
[Result "1/2-1/2"]
[WhiteElo "2431"]
[BlackElo "2478"]

1.d4 Nf6 2.Bg5 e6 3.e3 c5 4.c3 cxd4 5.exd4 Be7 6.Bd3 d6 7.Qe2 Nbd7 8.Nf3 a6
9.O-O b6 10.Re1 Bb7 11.c4 O-O 12.Nc3 Re8 13.Rad1 Qc7 14.a3 Bf8 15.Rc1 Rac8
16.Bxf6 Nxf6 17.h3 Qb8 18.Nh2 d5 19.cxd5 exd5 20.Qf1 b5 21.Rxe8 Rxe8 22.Qd1 Bd6
23.Nf1 Ne4 24.Qb3 Qd8 25.Re1 Bb8 26.f3 Qh4 27.Re2 Nf6 28.Rxe8+ Nxe8 29.Ne2 Qe7
30.a4 b4 31.Qc2 g6 32.b3 Ng7 33.Qd2 Ne6  1/2-1/2

[Event "5th Open"]
[Site "Istanbul TUR"]
[Date "2006.09.05"]
[Round "7"]
[White "Georgiev,Vl"]
[Black "Atakisi,U"]
[Result "1/2-1/2"]
[WhiteElo "2518"]
[BlackElo "2406"]

1.d4 Nf6 2.Bg5 e6 3.c3 d5 4.Nd2 c5 5.e3 Nbd7 6.f4 Be7 7.Bd3 O-O 8.Nh3 b5
9.O-O b4 10.Qc2 a5 11.Bxf6 Nxf6 12.Ng5 g6 13.Ngf3 c4 14.Be2 Ng4 15.Rfe1 Nxe3
16.Qc1 Bd6 17.Ne5 f6 18.Bf3 fxe5 19.fxe5 Bxe5 20.dxe5 Qb6 21.Kh1 Bb7 22.Re2 Nf5
23.Bg4 Rad8 24.cxb4 axb4 25.Nf3 Ba6 26.a3 c3 27.Re1 bxa3 28.bxc3 Bd3 29.Rxa3 Be4
30.Ra2 Bxf3 31.Bxf3 Rc8 32.Qa1 Rc4 33.Ra4 Rh4 34.Rxh4 Nxh4 35.Bg4 Rf2 36.Bh3 Kg7
37.Qc1 h6 38.Qa3 Rf7 39.Rg1 Nf5 40.Bxf5 Rxf5 41.Qe7+ Rf7 42.Qe8 Rf8 43.Qa4 Qc7
44.Qd4 Rf5 45.Re1 Qc4 46.Qxc4 dxc4 47.Kg1 Rf4 48.Re3 g5 49.g3 Rf8 50.Re4 Rc8
51.Kf2 h5 52.h3 Kg6 53.Ke3 Rc7 54.Kd4 Kf5 55.g4+ hxg4 56.hxg4+ Kg6 57.Ke3 Rc5
58.Kd4 Rc7 59.Re3 Rf7 60.Kxc4 Rf4+ 61.Kb5 Rxg4 62.c4 Rg1 63.Rc3 Kf5 64.c5 Rb1+
65.Ka6 Kxe5 66.c6 Ra1+ 67.Kb6 Rb1+ 68.Kc5 Rb8 69.Re3+ Kf4 70.Rxe6 g4 71.Rf6+ Ke3
72.Rg6 Kf3 73.Kd6 g3 74.Kd7 g2 75.c7 Rb7 76.Kc6 Rxc7+ 77.Kxc7  1/2-1/2

[Event "FSGM September"]
[Site "Budapest HUN"]
[Date "2006.09.07"]
[Round "6"]
[White "Kosic,D"]
[Black "Fogarasi,T"]
[Result "1/2-1/2"]
[WhiteElo "2506"]
[BlackElo "2435"]

1.d4 Nf6 2.Bg5 e6 3.Nd2 h6 4.Bh4 c5 5.dxc5 Bxc5 6.e4 d6 7.c3 Nc6 8.Ngf3 g5
9.Bg3 e5 10.Bc4 Qe7 11.Qe2 Be6 12.Bxe6 fxe6 13.Nb3 Bb6 14.Nfd2 a6 15.h4 O-O-O
16.Nc4 Bc7 17.O-O-O d5 18.exd5 exd5 19.hxg5 hxg5 20.Rxh8 Rxh8 21.Ne3 Rd8
22.Qf3 d4 23.cxd4 exd4 24.Nc2 Be5 25.Qf5+ Qd7 26.Qxd7+ Rxd7 27.Bxe5 Nxe5
28.Nbxd4 Nfg4 29.f3 Nf2 30.Rg1 Nfd3+ 31.Kb1 g4 32.fxg4 Nxg4 33.Rh1 Rf7 34.Nf3 Rg7
35.Rh8+ Kd7 36.Rh4 Kc8 37.a3 Nf4 38.Nfe1 Nd5 39.Rh8+ Kd7 40.Rh3 Ngf6 41.Ne3 Ke6
42.Nd3 Kd7 43.Nc5+ Kc6 44.Ne6 Rg8 45.Nd4+ Kc5 46.Ndf5 a5 47.Rh1 b5 48.Rc1+ Kb6
49.Rd1 Nxe3 50.Nxe3 Kc5 51.Rh1 Ne4 52.Rh5+ Kd4 53.Nc2+ Kc4 54.Ka2 b4 55.Ne3+ Kd3
56.Nd5 Rb8 57.Rh3+ Kd4 58.Ne3 Rb6 59.Nf5+ Ke5 60.Ne7 Nd2 61.Re3+ Kd4 62.Nf5+ Kc5
63.Re5+ Kc4 64.Re1 b3+ 65.Ka1  1/2-1/2

[Event "3rd Szeged Cup"]
[Site "Szeged HUN"]
[Date "2006.09.10"]
[Round "1"]
[White "Bartha,Ag"]
[Black "Olarasu,G"]
[Result "0-1"]
[WhiteElo "1876"]
[BlackElo "2222"]

1.d4 Nf6 2.Bg5 e6 3.e4 h6 4.Bxf6 Qxf6 5.Nf3 d6 6.c3 Nd7 7.Na3 g6 8.Qd2 Bg7
9.Bc4 a6 10.Nc2 b5 11.Bb3 Bb7 12.Qe2 c5 13.a4 c4 14.Ba2 Qf4 15.Nd2 O-O 16.g3 Qg5
17.a5 f5 18.h4 Qe7 19.f3 fxe4 20.Nxe4 e5 21.d5 Bxd5 22.O-O-O Bb7 23.Nb4 Nc5
24.Bxc4+ bxc4 25.Qxc4+ Qe6 26.Qxe6+ Nxe6 27.Rd3 Nc5 28.Rxd6 Nxe4 29.fxe4 Bxe4
30.Re1 Bf5 31.Nxa6 Bc8 32.Nb4 Rxa5 33.Rxg6 Rf2  0-1

[Event "XVI WSen"]
[Site "Arvier ITA"]
[Date "2006.09.11"]
[Round "1"]
[White "Manukian,Al"]
[Black "Haupt,J"]
[Result "1-0"]
[WhiteElo "2195"]
[BlackElo "1880"]

1.d4 Nf6 2.Bg5 e6 3.e3 d5 4.Nd2 c5 5.c3 Be7 6.f4 b6 7.Ngf3 Ng4 8.Bb5+ Bd7
9.Qe2 Bxb5 10.Qxb5+ Qd7 11.Qe2 h6 12.Bxe7 Qxe7 13.h3 Nf6 14.Ne5 Nfd7 15.Ndf3 O-O
16.O-O-O Nf6 17.Nd2 cxd4 18.exd4 Nbd7 19.g4 g6 20.Rdg1 Nh7 21.Ndf3 Ndf6 22.f5 g5
23.fxe6 Qxe6 24.h4 Rae8 25.hxg5 hxg5 26.Qh2  1-0

[Event "XVI WSen"]
[Site "Arvier ITA"]
[Date "2006.09.12"]
[Round "2"]
[White "Elfert,A"]
[Black "Spassov,L"]
[Result "0-1"]
[WhiteElo "2166"]
[BlackElo "2387"]

1.d4 Nf6 2.Bg5 e6 3.e4 h6 4.Bxf6 Qxf6 5.Nf3 d6 6.Nc3 g6 7.Qd2 Bg7 8.e5 Qe7
9.O-O-O a6 10.Kb1 Nd7 11.exd6 cxd6 12.Bd3 b5 13.Rhe1 Nf6 14.d5 e5 15.Nxe5 dxe5
16.Rxe5 Qxe5 17.Re1 Nd7 18.f4 Qxe1+ 19.Qxe1+ Kf8 20.d6 Bf6 21.Nd5 Kg7 22.g4 Bd8
23.f5 g5 24.Qc3+ Nf6 25.Nc7 Rb8 26.b4 Rb6 27.Na8 Rb8 28.Nc7 Bd7 29.Nxa6 Rb6
30.Nc5 Rxd6 31.Nxd7 Rxd7 32.Bxb5 Rd1+ 33.Kb2 Bb6 34.Bd3 Rd8 35.Kb3 Rb1+ 36.Ka4 Bd4
37.Qc6 Nd5 38.a3 Nc3+ 39.Ka5 Ra1 40.b5 Ra8+ 41.Kb4 Ra4+ 42.Kb3 Rb1+  0-1

[Event "FSGM September"]
[Site "Budapest HUN"]
[Date "2006.09.12"]
[Round "11"]
[White "Kosic,D"]
[Black "Meszaros,T"]
[Result "1/2-1/2"]
[WhiteElo "2506"]
[BlackElo "2352"]

1.d4 Nf6 2.Bg5 e6 3.Nd2 c5 4.e3 cxd4 5.exd4 b6 6.Ngf3 Bb7 7.Bd3 Be7 8.Bxf6 gxf6
9.Be4 d5 10.Bd3 Nc6 11.O-O Qd7 12.Re1 O-O-O 13.a4 Bd6 14.Nb3 a5 15.Bb5 Rhg8
16.Nbd2 Rg6 17.Nf1 Kb8 18.g3 Qc7 19.Re3 h5 20.Rc3 Bb4 21.Rb3 Rh8 22.Kh1 Rg4
23.Ne3 Rg7 24.Rc1 h4 25.gxh4 Qf4 26.Nf1 e5 27.c3  1/2-1/2

[Event "14th Bora Kostic Mem"]
[Site "Vrsac SCG"]
[Date "2006.09.12"]
[Round "1"]
[White "Miladinovic,I"]
[Black "Markus,R"]
[Result "1/2-1/2"]
[WhiteElo "2584"]
[BlackElo "2586"]

1.d4 Nf6 2.Bg5 e6 3.e3 c5 4.c3 b6 5.Nd2 Bb7 6.Ngf3 Be7 7.Bd3 cxd4 8.exd4 Nd5
9.Ne4 f6 10.Bd2 Nc6 11.Ng3 Qc7 12.O-O O-O 13.Re1 Rae8 14.Rc1 Nd8 15.Bb1 Nf7
16.c4 Nf4 17.d5 f5 18.Qa4 Bd6 19.Nd4 a6 20.b4 Be5 21.Nf3 Ng6 22.b5 axb5 23.cxb5 Qb8
24.Nxe5 Nfxe5 25.Qd4 Rf7 26.d6 Ng4 27.Qxb6 Nh4 28.h3 Nf6 29.f3 Bxf3 30.Qxb8 Rxb8
31.a4 Nxg2 32.Rf1 Bd5 33.Rc5 Nh4 34.Kf2 f4 35.Ne2 Ne8 36.Bb4 Nf5 37.Bxf5 Rxf5
38.Nc3 Nxd6 39.Rxd5 Rxd5 40.Nxd5 Ne4+ 41.Kf3 exd5 42.Kxf4 d6 43.Rc1 Kf7 44.Ke3 Rb7
45.Kd4 Ke6 46.Rc8 g5 47.Re8+ Kd7 48.Ra8 Ke6 49.Be1 Nc5 50.Bb4 Nxa4 51.Rxa4 Rxb5
52.Bd2 Rb3 53.Bxg5 Rg3 54.Bd8 Kd7 55.Bh4 Rxh3 56.Kxd5 Rd3+ 57.Ke4 Rc3 58.Bf6 Rc1
59.Bg5 Rc5 60.Ra7+ Rc7 61.Ra1 Ke6 62.Re1 Rc5 63.Kf4+ Re5 64.Rh1 Rf5+ 65.Kg4 Rf7
66.Bf4 Rd7 67.Rh6+ Kd5 68.Rf6 Kc5 69.Kf5 d5 70.Ke6 Rd8 71.Rf7 d4 72.Bd6+ Kc4
73.Rc7+ Kb3 74.Be5 Re8+ 75.Kf5 Rxe5+ 76.Kxe5 d3  1/2-1/2

[Event "ch-EU"]
[Site "Liverpool ENG"]
[Date "2006.09.13"]
[Round "8"]
[White "Karttunen,M"]
[Black "Carleton,J"]
[Result "1/2-1/2"]
[WhiteElo "2422"]
[BlackElo "2294"]

1.d4 Nf6 2.Bg5 e6 3.e4 h6 4.Bxf6 Qxf6 5.Nc3 Bb4 6.Ne2 Nc6 7.e5 Qe7 8.Qd3 d6
9.a3 Bxc3+ 10.Qxc3 f6 11.Nf4 Qf7 12.Be2 h5 13.exd6 cxd6 14.d5 exd5 15.Qe3+ Kf8
16.Qd3 Ne7 17.Bf3 Bf5 18.Qd2 g5 19.Bxd5 Qe8 20.Ne6+ Bxe6 21.Bxe6 Nf5 22.Qd5 Nd4
23.Qxd6+ Kg7 24.Qxd4 Qxe6+ 25.Qe3 Rhe8 26.O-O-O Qxe3+ 27.fxe3 Rxe3 28.Rd7+ Kg6
29.Rxb7 Re2 30.g3 a5 31.h4 Ra6 32.hxg5 fxg5 33.Rb8 Rc6 34.c3 Rc5 35.Rg8+ Kf5
36.Rxh5 Kg4 37.Rh7 Rb5 38.b4 Rf5 39.Rh4+ Kxg3 40.Rd4 Rf1+ 41.Rd1 Rff2 42.Rd3+ Kg4
43.Rd4+ Kh5 44.Rd5 Rg2 45.bxa5 Rc2+ 46.Kb1  1/2-1/2

[Event "5th Open"]
[Site "Izmir TUR"]
[Date "2006.09.14"]
[Round "5"]
[White "Bagaturov,G"]
[Black "Sanikidze,T"]
[Result "1-0"]
[WhiteElo "2461"]
[BlackElo "2418"]

1.d4 Nf6 2.Bg5 e6 3.Nf3 c5 4.e3 Qb6 5.Qc1 Nc6 6.c3 d5 7.Bd3 Be7 8.O-O h6
9.Bh4 O-O 10.Nbd2 Re8 11.Qc2 cxd4 12.exd4 Nh5 13.Bxe7 Rxe7 14.Rfe1 Bd7 15.Nb3 Rc8
16.Qd2 Nf6 17.Ne5 Be8 18.Re3 Qc7 19.Rae1 Nd7 20.Bb1 b6 21.Qe2 Ncxe5 22.dxe5 Qc4
23.Qc2 Nf8 24.Nd4 Qc7 25.Rg3 a5 26.h4 Kh8 27.h5 Bd7 28.Qd3 Qc4 29.Qf3 Qc5
30.Qg4 g6 31.hxg6 fxg6 32.Bxg6 Rg7 33.Qh5 Qe7 34.Qxh6+ Kg8 35.Ree3  1-0

[Event "ch-EU"]
[Site "Liverpool ENG"]
[Date "2006.09.14"]
[Round "9"]
[White "Taylor,Mart"]
[Black "Peacock,M"]
[Result "1-0"]
[WhiteElo "2332"]
[BlackElo "2079"]

1.d4 Nf6 2.Bg5 e6 3.Nd2 Be7 4.Ngf3 d5 5.e3 Nbd7 6.Bd3 O-O 7.c3 b6 8.Qa4 Bb7
9.Ne5 c5 10.O-O Re8 11.Bb5 a6 12.Bxd7 b5 13.Bxb5 axb5 14.Qc2 h6 15.Bh4 Ra4
16.Bxf6 Bxf6 17.Nd3 cxd4 18.cxd4 e5 19.Nc5 Ra7 20.dxe5 Bxe5 21.Nxb7 Rxb7
22.Nf3 Bf6 23.Rfd1 Re6 24.Rd3 Rc7 25.Qb3 Rec6 26.Rb1 Rc1+ 27.Rd1 Qc8 28.Rbxc1 Rxc1
29.g3 Qc2 30.Rxc1 Qxc1+ 31.Kg2 Qxb2 32.Qxd5 Qb4 33.Nd2 Be7 34.Nb3 Qa3 35.Nd4 b4
36.Nc6 Bf8 37.Ne5 Qa7 38.g4 Qc7 39.h3 Qe7 40.h4 Qc7 41.g5 hxg5 42.hxg5 Bd6
43.Nc4 Qd7 44.Nxd6  1-0

[Event "14th Bora Kostic Mem"]
[Site "Vrsac SCG"]
[Date "2006.09.14"]
[Round "3"]
[White "Miladinovic,I"]
[Black "Macieja,B"]
[Result "1/2-1/2"]
[WhiteElo "2584"]
[BlackElo "2613"]

1.d4 Nf6 2.Bg5 e6 3.e3 h6 4.Bh4 b6 5.Nd2 Bb7 6.Ngf3 c5 7.c3 Be7 8.Bd3 g5
9.Bg3 g4 10.Ne5 h5 11.e4 cxd4 12.cxd4 d6 13.Qa4+ Kf8 14.Nec4 d5 15.exd5 Qxd5
16.Ne3 Qd7 17.Qxd7 Nbxd7 18.h3 Kg7 19.hxg4 Nxg4 20.Rc1 Rac8 21.Rxc8 Bxc8
22.Ke2 Bb7 23.Rc1 Rc8 24.Rxc8 Bxc8 25.Bb5 Nf8 26.Nec4 Bb7 27.Nd6 Bxg2 28.Ne8+ Kg6
29.f3 h4 30.Bd3+ f5 31.Bxh4 Bxh4 32.fxg4 Bg3 33.Nc4 Kg5 34.gxf5 exf5 35.Ned6 Bh3
36.Nc8 Bb8 37.Ne7 Ne6 38.Nc6 Bc7 39.Kf2 b5 40.Ne3 Bb6 41.Bxb5 f4 42.Nd5 Bxd4+
43.Nxd4 Nxd4 44.Ba6 Be6 45.Nc3 Kf5 46.b4 Ke5 47.a4 Nc6 48.b5 Na5 49.Kf3 Bf5
50.Ne2 Be4+ 51.Kf2 Bc2 52.Nc3 Bf5 53.Kf3 Be6 54.Ne2 Bd5+ 55.Kf2 Bb3 56.Nc3 Be6
57.Kf3 Bf5 58.Ne2 Be4+ 59.Kf2 Bc2 60.Nc3 Bf5 61.Kf3 Be6 62.Ne2 Bd5+ 63.Kf2 Nb7
64.Bxb7 Bxb7 65.a5 f3 66.Ng1 Kf4 67.b6 a6 68.Nh3+ Kg4 69.Ng1 Kf4 70.Nh3+ Kg4
71.Ng1 Ba8 72.Ke3 Kg3 73.Nxf3 Bxf3 74.Kd2 Kf4 75.Kc2 Ke5  1/2-1/2

[Event "Open A"]
[Site "Graz AUT"]
[Date "2006.09.16"]
[Round "1"]
[White "Nickl,K"]
[Black "Westermayer,J"]
[Result "1-0"]
[WhiteElo "2181"]
[BlackElo "1865"]

1.d4 Nf6 2.Bg5 e6 3.e4 h6 4.Bxf6 Qxf6 5.c3 Qd8 6.Nd2 Be7 7.Bd3 d6 8.Ne2 e5
9.O-O O-O 10.f4 c5 11.fxe5 dxe5 12.d5 a6 13.a4 Bg4 14.Nc4 Qc7 15.h3 Bxe2
16.Qxe2 Nd7 17.Ne3 g6 18.Bc4 Bd6 19.Qg4 Kh7 20.h4 h5 21.Qe2 Qd8 22.g3 Nf6
23.Qf3 Ng8 24.Rf2 Nh6 25.Raf1 Rc8 26.Bd3 Rc7 27.c4 Qd7 28.b3 Qe8 29.g4 hxg4
30.Nxg4 Nxg4 31.Qxg4 Kg7 32.h5 Rh8 33.hxg6 fxg6 34.Rf6 Rd7 35.Re6 Be7 36.Rxe5 Rd6
37.Re6 Rxe6 38.Qxe6 Rf8 39.e5 Rxf1+ 40.Bxf1 Qf7 41.Bh3 Bg5 42.Qxf7+ Kxf7
43.Bc8 Bf4 44.e6+ Ke7 45.Kg2 a5 46.Bxb7 g5 47.Kf3 Kf6 48.Kg4 Bd6 49.Bc6 Bf4
50.Be8 Bd6 51.Bh5 Bf4 52.Kf3 Bd6 53.Ke4 Be5 54.e7  1-0

[Event "EU-chB18"]
[Site "Herceg Novi MNE"]
[Date "2006.09.16"]
[Round "6"]
[White "Bogosavljevic,B"]
[Black "Llorente Zaro,A"]
[Result "1-0"]
[WhiteElo "2302"]
[BlackElo "2367"]

1.d4 Nf6 2.Bg5 e6 3.e4 h6 4.Bxf6 Qxf6 5.Nf3 d6 6.Nc3 g5 7.e5 Qe7 8.Ne4 Bg7
9.h4 g4 10.Nfd2 dxe5 11.dxe5 Bxe5 12.c3 f5 13.Nc4 Qg7 14.Ned2 Nc6 15.Qb3 g3
16.O-O-O gxf2 17.Nxe5 Qxe5 18.Rh3 Na5 19.Qa4+ Nc6 20.Rf3 Bd7 21.Nc4 Qg7 22.Rxf2 a6
23.Na5 Qe5 24.Rfd2 O-O-O 25.Nxb7 Nb8 26.Bxa6  1-0

[Event "Open A"]
[Site "Graz AUT"]
[Date "2006.09.19"]
[Round "4"]
[White "Spelec,D"]
[Black "Wanderer,T"]
[Result "0-1"]
[WhiteElo "2063"]
[BlackElo "2206"]

1.d4 Nf6 2.Bg5 e6 3.e4 h6 4.Bxf6 Qxf6 5.Qd2 d6 6.Nc3 c6 7.O-O-O e5 8.dxe5 dxe5
9.Nf3 Be7 10.Kb1 O-O 11.Bd3 Nd7 12.Ne2 a5 13.Ng3 Rd8 14.Qe2 Nc5 15.Nh5 Qd6
16.Bc4 Qc7 17.Rxd8+ Bxd8 18.Rd1 Bg4 19.Ng3 b5 20.Bd3 a4 21.h3 Be6 22.Nf5 Bf6
23.g4 Qa5 24.h4 a3 25.c4 axb2 26.Qxb2 bxc4 27.g5 cxd3 28.a3 Na4  0-1

[Event "EU-chB18"]
[Site "Herceg Novi MNE"]
[Date "2006.09.19"]
[Round "9"]
[White "Figura,A"]
[Black "Dragicevic,Draz"]
[Result "1-0"]
[WhiteElo "2353"]
[BlackElo "2200"]

1.d4 Nf6 2.Bg5 e6 3.e3 b6 4.Nd2 Bb7 5.c3 c5 6.Ngf3 cxd4 7.exd4 Be7 8.Bxf6 Bxf6
9.Bd3 d6 10.Qe2 Nd7 11.g4 h5 12.gxh5 Rxh5 13.Ne4 Be7 14.Rg1 Bf8 15.Nfg5 Rh6
16.f4 Qe7 17.a4 g6 18.a5 Bxe4 19.Bxe4 d5 20.Bd3 bxa5 21.Rxa5 Qd6 22.Bb5 Qxf4
23.Nxe6 Qc1+ 24.Kf2 Rxh2+ 25.Rg2 Rxg2+ 26.Kxg2 fxe6 27.Qxe6+ Be7 28.Qg8+ Bf8
29.Bxd7+ Kxd7 30.Qf7+ Kc6 31.Ra6+ Kb5 32.Qxd5+ Kxa6 33.Qc6+ Ka5 34.b4+ Bxb4
35.cxb4+ Kxb4 36.Qxc1  1-0

[Event "XVI WSen w"]
[Site "Arvier ITA"]
[Date "2006.09.20"]
[Round "9"]
[White "Lebel Arias,J"]
[Black "Hoose,H"]
[Result "1/2-1/2"]
[WhiteElo "1965"]
[BlackElo "1828"]

1.d4 Nf6 2.Bg5 e6 3.e4 Be7 4.Nc3 c6 5.Nf3 d6 6.Bd3 Nbd7 7.O-O O-O 8.a4 c5
9.Bb5 cxd4 10.Qxd4 a6 11.Be2 e5 12.Qd2 h6 13.Bxf6 Nxf6 14.h3 Be6 15.a5 Rc8
16.Rfe1 Rc6 17.Bd3 Qc8 18.Kh2 Nh5 19.Nd5 Bd8 20.c4 Nf6 21.b3 Nd7 22.b4 Qb8
23.Rec1 Nf6 24.Qe3 Bc8 25.Rc2 Re8 26.Rac1 Bd7 27.Kh1 Nh5 28.Ng1 Nf6 29.g4 Nh7
30.Rf1 Nf8 31.f3 Bg5 32.Qf2 Ng6 33.Ne2 Be6 34.Nb6 Bh4 35.Qg1 Qa7 36.Rb1 Bd8
37.c5 dxc5 38.bxc5 Be7 39.Rc3 Rd8 40.Rd1 Qb8 41.Nd5 Bg5 42.Qf2 Ne7 43.Nb6 Nc8
44.Bc4 Na7 45.Bd5 Rc7 46.Rcd3 Nc6 47.Qe1 Ne7  1/2-1/2

[Event "USCL"]
[Site "ICC INT"]
[Date "2006.09.20"]
[Round "4"]
[White "Zimmer,R"]
[Black "Barredo,L"]
[Result "0-1"]
[WhiteElo "2236"]
[BlackElo "2332"]

1.d4 Nf6 2.Bg5 e6 3.Nd2 c5 4.e3 b6 5.Ngf3 Bb7 6.c3 Be7 7.Bd3 O-O 8.O-O Nc6
9.Qb1 h6 10.Bh4 Rc8 11.a3 Nh5 12.Bxe7 Qxe7 13.b4 d6 14.Re1 Nf6 15.e4 Rfd8
16.b5 Na5 17.e5 Nd7 18.Ne4 Bxe4 19.Bxe4 cxd4 20.cxd4 dxe5 21.dxe5 Nc5 22.Qb4 Kf8
23.Ra2 Ncb3 24.Rc2 Rc5 25.h4 Rdc8 26.Rxc5 bxc5 27.Qc3 c4 28.Bb1 Qxa3 29.Qc2 Ke8
30.Qh7 Qf8 31.Re4 c3 32.Rg4 g6 33.Bc2 Na1 34.h5 g5 35.Ra4 Nxc2 36.Qxc2 Nb3
37.Rxa7 Qc5 38.Rb7 Na5 39.Rxf7 Kxf7 40.Qg6+ Ke7 41.Qg7+ Ke8 42.Nxg5 hxg5
43.Qg8+ Kd7 44.Qh7+ Kd8 45.Qg8+ Kc7 46.Qxe6 c2  0-1

[Event "XVI WSen"]
[Site "Arvier ITA"]
[Date "2006.09.21"]
[Round "10"]
[White "Chernikov,O"]
[Black "Spassov,L"]
[Result "1/2-1/2"]
[WhiteElo "2422"]
[BlackElo "2387"]

1.d4 Nf6 2.Bg5 e6 3.e4 h6 4.Bxf6 Qxf6 5.Nc3 Bb4 6.Qd2 d6 7.a3 Ba5 8.Nf3 Nd7
9.b4 Bb6 10.Na4 O-O 11.Nxb6 axb6 12.Bd3 c6 13.a4 e5 14.dxe5 Nxe5 15.Nxe5 dxe5
16.O-O Be6 17.Qe3 Qd8 18.Rfd1  1/2-1/2

[Event "Open A"]
[Site "Graz AUT"]
[Date "2006.09.21"]
[Round "6"]
[White "Schnider,G"]
[Black "Wittmann,W"]
[Result "1/2-1/2"]
[WhiteElo "2270"]
[BlackElo "2361"]

1.d4 Nf6 2.Bg5 e6 3.e4 h6 4.Bxf6 Qxf6 5.Nf3 d6 6.Nc3 Qd8 7.Bd3 Nd7 8.O-O c5
9.d5 e5 10.Ne2 a6  1/2-1/2

[Event "X Itau Cup"]
[Site "Sao Paulo BRA"]
[Date "2006.09.23"]
[Round "1"]
[White "Fascetti,A"]
[Black "Di Berardino,D"]
[Result "0-1"]
[WhiteElo "1847"]
[BlackElo "2370"]

1.d4 Nf6 2.Bg5 e6 3.e4 h6 4.Bxf6 Qxf6 5.Nf3 d6 6.e5 dxe5 7.dxe5 Qf4 8.Qd2 Qxd2+
9.Nbxd2 Nc6 10.c3 Bd7 11.O-O-O O-O-O 12.Nb3 g5 13.Nfd4 Bg7 14.Nxc6 Bxc6 15.Nd4 Bd5
16.Re1 c5 17.Nb3 b6 18.Rg1 Kb7 19.g3 g4 20.Be2 h5 21.Bd1 Bc6 22.Rgf1 Bh6+
23.Kb1 a5 24.f4 a4 25.Na1 Rd2 26.Re2 Rhd8 27.Kc1 R2d7 28.Ree1 b5 29.Be2 b4
30.Rd1 Bg7 31.Rxd7+ Rxd7 32.Rd1 Rc7 33.Nc2 bxc3 34.bxc3 f6 35.exf6 Bxf6 36.Kb2 Kb8
37.Na3 Rb7+ 38.Kc2 Kc7 39.Rb1 Rxb1 40.Nxb1 Bd5 41.Bb5 Bc6 42.Bd3 Bd5 43.Bb5 Bxa2
44.Bxa4 Kd8 45.Nd2 Bd5 46.Nf1 Ke7 47.Ne3 Be4+ 48.Kd2 e5 49.fxe5 Bxe5 50.Bb3 Kf6
51.Nd1 Kg5 52.Ke3 Bg6 53.Kf2 Bg7 54.Kg2 Bf5 55.Kf2 Kf6 56.Ne3 Be6 57.Bc2 Bf7
58.Kg2 Bh6 59.Nd1 Ke5 60.Kf2 Bf8 61.Ke2 Be8 62.Kf2 Bd6 63.Ne3 Be7 64.Nc4+ Ke6
65.Kg2 Bb5 66.Ne3 Be8 67.Bf5+ Ke5 68.Bc2 Bd8 69.h3 Bg5 70.Nd1 Bc6+ 71.Kh2 Bf3
72.hxg4 hxg4 73.Kg1 Bd2 74.Kf2 Kd6 75.Bb3 c4 76.Bc2 Kc5 77.Ba4 Bg5 78.Ne3 Bf6
79.Nd1 Be5 80.Bc2 Kb5 81.Ne3 Bxc3 82.Nf1 Bd4+ 83.Ke1 Kb4 84.Nh2 c3 85.Nxf3 gxf3
86.g4 Ka3 87.g5 Kb2 88.Bf5 c2 89.Bxc2 Kxc2 90.g6 Kd3  0-1

[Event "15th TCh-CRO"]
[Site "Sibenik CRO"]
[Date "2006.09.23"]
[Round "2"]
[White "Bosiocic,Mari"]
[Black "Cebalo,M"]
[Result "1-0"]
[WhiteElo "2433"]
[BlackElo "2505"]

1.d4 Nf6 2.Bg5 e6 3.e4 h6 4.Bxf6 Qxf6 5.c3 c5 6.Nf3 cxd4 7.cxd4 Bb4+ 8.Nc3 b6
9.Bd3 Bb7 10.O-O Nc6 11.e5 Qf4 12.Ne2 Qg4 13.h3 Qxf3 14.gxf3 O-O 15.a3 Be7
16.Bc2 f5 17.f4 Nd8 18.Ba4 Rf7 19.Kh2 g5 20.Rg1 Rg7 21.Ng3 Kh7 22.Bxd7 Bd5
23.Nh5 Rg6 24.Be8 Rg8 25.Nf6+ Bxf6 26.exf6 Rxe8 27.Qh5 Rg8  1-0

[Event "Tatry Open"]
[Site "Tatranske Zruby SVK"]
[Date "2006.09.27"]
[Round "6"]
[White "Markos,J"]
[Black "Szurovszky,E"]
[Result "1-0"]
[WhiteElo "2526"]
[BlackElo "2239"]

1.d4 Nf6 2.Bg5 e6 3.e3 d5 4.c4 c6 5.Nc3 Be7 6.Nf3 Ne4 7.Bxe7 Qxe7 8.Qc2 Nxc3
9.Qxc3 O-O 10.O-O-O dxc4 11.Bxc4 b5 12.Bd3 a5 13.Kb1 b4 14.Qc2 h6 15.Ne5 Bb7
16.Qc5 Qc7 17.Bh7+ Kxh7 18.Qxf8 f6 19.Qf7 Na6 20.Qxc7 Nxc7 21.Nd3 Ba6 22.Nc5 Bb5
23.Rd2 a4 24.Rc1 Kg6 25.Nb7 Ne8 26.e4 Rb8 27.Na5 Rb6 28.f3 Nd6 29.b3 a3 30.Nc4 Bxc4
31.bxc4 Rb8 32.Rd3 Nb7 33.c5 Na5 34.d5 exd5 35.exd5 cxd5 36.c6 b3 37.c7 bxa2+
38.Kxa2 Rc8 39.Rxd5 Nb7 40.Kxa3 Kf7 41.Rc6 Ke7 42.Kb4  1-0

[Event "X Itau Cup"]
[Site "Sao Paulo BRA"]
[Date "2006.09.29"]
[Round "8"]
[White "Fier,A"]
[Black "Van Riemsdijk,H"]
[Result "0-1"]
[WhiteElo "2459"]
[BlackElo "2376"]

1.d4 Nf6 2.Bg5 e6 3.e4 h6 4.Bxf6 Qxf6 5.Nf3 d6 6.Nc3 Nd7 7.Bd3 c6 8.Qe2 e5
9.d5 c5 10.Nd2 a6 11.a4 Qd8 12.a5 Be7 13.Nc4 Rb8 14.b3 Nf8 15.g3 Bh3 16.Ne3 g6
17.Nc4 Bg5 18.Rb1 Qe7 19.Na4 Nd7 20.c3 h5 21.Kd1 f5 22.Kc2 Nf6 23.f3 fxe4
24.fxe4 O-O 25.b4 Ng4 26.Kb3 cxb4 27.Kxb4 Rf2 28.Qe1 Rbf8 29.Rb2 Qd7 30.Ncb6 Qc7
31.Nc4 Rxb2+ 32.Ncxb2 Be3 33.Bf1 Bc5+ 34.Kb3 Bxf1 35.Rxf1 Qxa5 36.Rxf8+ Kxf8
37.h3 Nf6 38.g4 Ba7 39.gxh5 b5 40.Qf1 bxa4+ 41.Kc2 Kf7 42.Nc4 Qc5 43.hxg6+ Kxg6
44.Qf5+ Kg7 45.Kd3 Qb5 46.Qe6 Qb1+ 47.Kd2 Nxe4+  0-1

[Event "Greek Teams Cup m1"]
[Site "Athens GRE"]
[Date "2006.09.30"]
[Round "1.3"]
[White "Wojtaszek,R"]
[Black "Nielsen,PH"]
[Result "1/2-1/2"]
[WhiteElo "2622"]
[BlackElo "2640"]

1.d4 Nf6 2.Bg5 e6 3.e3 h6 4.Bh4 d6 5.Nd2 Nbd7 6.Bd3 b6 7.h3 Bb7 8.Ngf3 Be7
9.c3 O-O 10.Qc2 c5 11.Bg3 cxd4 12.exd4 Re8 13.O-O Bf8 14.Rfe1 Rc8 15.a4 a6
16.Re2 Nd5 17.Qb3 N7f6 18.Bh2 Nh5 19.Ree1 Nhf6 20.c4 Ne7 21.a5 Bxf3 22.Nxf3 Rb8
23.axb6 Qxb6 24.Qa4 Nc6 25.c5 dxc5 26.Bxb8 Rxb8 27.dxc5 Bxc5 28.Re2 a5 29.Rc1 Nb4
30.Bc4 Nfd5 31.Bxd5 Nxd5 32.Ne5 Rd8 33.Qc6 Nf4 34.Rec2 Bxf2+ 35.Kh1 Nd3 36.Nxd3 Qxc6
37.Rxc6 Rxd3 38.Rc8+ Kh7 39.R8c3 Rd5 40.b3 f5 41.Rf1 Rd2 42.Rf3 Bd4 43.Re1 Ba7
44.Rxe6 Rd1+ 45.Kh2 f4 46.h4 Bg1+ 47.Kh3 Be3 48.Kg4 Rd4 49.g3 Bd2 50.Re2 Bb4
51.h5  1/2-1/2

[Event "TCh-BEL 2006-7"]
[Site "Belgium BEL"]
[Date "2006.10.01"]
[Round "1"]
[White "Goossens,E"]
[Black "Ceulemans,K"]
[Result "1-0"]
[WhiteElo "2251"]
[BlackElo "2099"]

1.d4 Nf6 2.Bg5 e6 3.e4 Be7 4.Nd2 d6 5.Ngf3 b6 6.Bb5+ Bd7 7.Bd3 c5 8.e5 dxe5
9.dxe5 Nd5 10.Ne4 O-O 11.c4 Nb4 12.Bb1 f5 13.exf6 Bxf6 14.a3 N4c6 15.Qd3 Bxg5
16.Nexg5 Rf5 17.Qe3 Rf6 18.Bxh7+ Kf8 19.Bc2 Kg8 20.O-O-O Qe7 21.Rhe1 a6 22.Qd3 Rh6
23.h4 Ra7 24.g4 Na5 25.Ne5 Nac6 26.Nef7  1-0

[Event "15th TCh-CRO"]
[Site "Sibenik CRO"]
[Date "2006.10.02"]
[Round "11"]
[White "Doric,D"]
[Black "Rogulj,B"]
[Result "1-0"]
[WhiteElo "2420"]
[BlackElo "2413"]

1.d4 Nf6 2.Bg5 e6 3.e4 h6 4.Bxf6 Qxf6 5.c3 d5 6.Nd2 c5 7.Ngf3 Nc6 8.Bb5 cxd4
9.cxd4 Be7 10.Ne5 O-O 11.Bxc6 bxc6 12.Nxc6 Bd8 13.e5 Qf4 14.g3 Qf5 15.O-O Bd7
16.Nxd8 Rfxd8 17.Rc1 a5 18.Qf3 Qxf3 19.Nxf3 Rdb8 20.Rc2 a4 21.Rd1 Ra7 22.Ne1 Bb5
23.Nd3 Bc4 24.Nc1 Rab7 25.Rdd2 Kf8 26.f4 h5 27.Kf2 Ke7 28.Ke3 g6 29.Rf2 Kf8
30.h3 Kg7 31.g4 Rh8 32.Rh2 Rbb8 33.Rcf2 Kh6 34.Kf3 Rb4 35.Ke3 Rbb8 36.Rc2 Rhg8
37.g5+ Kg7 38.Rc3 Rb7 39.b3 axb3 40.axb3 Bf1 41.Kf2 Bb5 42.Ke3 Rgb8 43.Ra2 Bf1
44.Kf2 Bb5 45.h4 Kf8 46.Rac2 Ke7 47.Rc7+ Kd8 48.Rxb7 Rxb7 49.Ke1 Kd7 50.Rc5 Ba6
51.Kd2 Bf1 52.Kc3 Ra7 53.Kb2 Rb7 54.Ra5 Kc6 55.Kc3 Kb6 56.Rc5 Ra7 57.Kb2 Ra8
58.Na2 Bb5 59.Nc3 Bd3 60.Na4+ Kb7 61.Kc3 Bf1 62.Kb4 Rb8 63.Ra5 Kc6+ 64.Kc3 Kb7
65.Nc5+ Kb6 66.Kb4 Kc6+ 67.Ka4 Bb5+ 68.Ka3 Kb6 69.Kb4 Be8 70.Ra6+ Kc7+ 71.Kc3 Rc8
72.Ra7+ Kb6 73.Rb7+  1-0